Statistics for 1990s Movies #2

Click here to take the quiz!

General Stats

  • This quiz has been taken 94 times
  • The average score is 3 of 10

Answer Stats

HintAnswer% Correct
Aliens are coming. Will Jeff Goldblum and Will Smith save America (and the rest of the world)?Independence Day
90%
Ed believes he's a great director just like Orson Welles; no one is with him but a few losers and Bela Lugosi.Ed Wood
60%
"I have been stabbed, shot, poisoned, frozen, hung, electrocuted, and burned [..] and every morning I wake up without a scratch on me, not a dent in the fender... I am an immortal."Groundhog Day
41%
Sylvester Stallone tries do his job as a sheriff in a small town close to New York populated by corrupt NYPD-cops.Cop Land
28%
After his mistrtress accidentally runs over a black lad, Wall Street Yuppie Sherman McCoy (Tom Hanks) is far from being a "Master of the Universe".The Bonfire of the Vanities
18%
Christopher Nolans debut: "A young writer who follows strangers for material meets a thief who takes him under his wing." (quote from imdb)Following
16%
Frank, a paramedic from New York, hasn't saved a patient's life in months, which, among other things, depresses him.Bringing Out The Dead
14%
Set somewhere in the future after a huge catastrophy, this movies presents the sale of human meat as highly profitable. Directed by Jean-Pierre Jeunet.Delicatessen
11%
Kathryn Bieglow's iconic Sci-Fi-Thriller about memories recorded as experiencable clips and another Los Angeles riotStrange Days
9%
A Mexican romantic street singer.El Mariachi
7%

Score Distribution

Percentile by Number Answered

Percent of People with Each Score

Your Score History

You have not taken this quiz